00771cam a22002054a 4500999001500000001000500015003000900020005001700029008004100046040002800087082001900115245005100134260006400185300004000249538007800289650002200367710004700389942001200436952011700448 c6832d68326815BD-DhUAP20210109103142.0210109s1999 bg a 001 0 eng  aDLCcDLCdBD-DhUAPbEng00223a378.04 PRO aProfile of university of Asia pacific (UAP)... aDhaka :bProject promotion & management associates,cc1999. a50 pages :billustrations ;c28 cm. aSystem requirements for accompanying computer disc: Windows 95 or higher. aHigher education. aProject promotion & management associates. 2ddccBK 00102ddc4070aUAPCLbUAPCLcGeneral Stacksd2021-01-09o378.04 PROp3010006815r2021-01-09t1w2021-01-09yBK